[Event "Ocana op 1st"]
[Site "Ocana"]
[Date "2015.09.27"]
[Round "6"]
[White "Obregon Peralta, Victor Marco"]
[Black "Navas, Gildardo"]
[Result "1-0"]
[WhiteElo "2140"]
[BlackElo "1508"]
[PlyCount "23"]
[EventDate "2015.09.25"]
[EventType "swiss"]
[EventRounds "7"]
[EventCountry "COL"]
[SourceTitle "EXT 2016"]
[Source "ChessBase"]
[SourceDate "2015.10.08"]
[SourceVersion "1"]
[SourceVersionDate "2015.10.08"]
[SourceQuality "1"]

1. d4 d5 2. c4 c6 3. Nc3 Nf6 4. Nf3 Nbd7 5. e3 Qc7 6. Bd2 e5 7. cxd5 cxd5 8. Nb5 Qb8 9. Rc1 Bd6 10. Rxc8+ Qxc8 11. Nxd6+ Ke7 12. Nxc8+ 1-0

[Event "Ocana op 1st"]
[Site "Ocana"]
[Date "2015.09.26"]
[Round "4"]
[White "Obregon Peralta, Victor Marco"]
[Black "Cardenas Angarita, Juan Pablo"]
[Result "1-0"]
[WhiteElo "2140"]
[BlackElo "1639"]
[PlyCount "73"]
[EventDate "2015.09.25"]
[EventType "swiss"]
[EventRounds "7"]
[EventCountry "COL"]
[SourceTitle "EXT 2016"]
[Source "ChessBase"]
[SourceDate "2015.10.08"]
[SourceVersion "1"]
[SourceVersionDate "2015.10.08"]
[SourceQuality "1"]

1. d4 d5 2. c4 c6 3. Nc3 Nf6 4. Nf3 e6 5. Bg5 Be7 6. e3 0-0 7. Rc1 Nbd7 8. Bd3 dxc4 9. Bxc4 Nd5 10. Bxe7 Qxe7 11. 0-0 N5b6 12. Bd3 e5 13. Qc2 h6 14. Rfe1 Re8 15. h3 Qf8 16. a4 exd4 17. exd4 Nf6 18. Rxe8 Qxe8 19. a5 Nbd5 20. Nxd5 Nxd5 21. Qd2 Be6 22. a6 Rb8 23. axb7 Rxb7 24. Ne5 Ne7 25. Be4 Bd5 26. Bxd5 cxd5 27. Rc5 Qb8 28. Nd3 Qd6 29. Qc2 g6 30. Qa4 Kg7 31. b4 Qd7 32. Qa2 Qf5 33. Qa6 Qd7 34. Ne5 Rb6 35. Qxb6 axb6 36. Nxd7 bxc5 37. dxc5 1-0

[Event "VEN-ch qual 2nd Cojedes"]
[Site "San Carlos"]
[Date "2014.08.17"]
[Round "7"]
[White "Suarez, Richard"]
[Black "Obregon Peralta, Victor Marco"]
[Result "0-1"]
[WhiteElo "1981"]
[BlackElo "2125"]
[PlyCount "60"]
[EventDate "2014.08.14"]
[EventType "swiss"]
[EventRounds "7"]
[EventCountry "VEN"]
[SourceTitle "EXT 2018"]
[Source "ChessBase"]
[SourceDate "2017.10.13"]
[SourceVersion "1"]
[SourceVersionDate "2017.10.13"]
[SourceQuality "1"]

1. d4 Nf6 2. c4 e6 3. Nc3 Bb4 4. Qc2 0-0 5. Bg5 d5 6. e3 h6 7. Bh4 Nbd7 8. a3 Be7 9. cxd5 exd5 10. Bd3 c6 11. Nge2 Re8 12. 0-0 Ne4 13. Bxe7 Qxe7 14. Rae1 Ndf6 15. f3 Nd6 16. Ng3 Qc7 17. e4 Qb6 18. Nce2 dxe4 19. fxe4 Ng4 20. Qd2 Ne5 21. Bb1 Be6 22. Kh1 Ndc4 23. Qc3 Ng6 24. b4 a5 25. Nh5 axb4 26. axb4 Ra3 27. Qc1 Qxb4 28. Nf6+ gxf6 29. Qxh6 Qd2 30. Qh5 Qg5 0-1

[Event "VEN-ch qual 2nd Cojedes"]
[Site "San Carlos"]
[Date "2014.08.14"]
[Round "2"]
[White "Obregon Peralta, Victor Marco"]
[Black "Gutierrez Anaya, Yeison Joel"]
[Result "1/2-1/2"]
[WhiteElo "2125"]
[BlackElo "2024"]
[PlyCount "56"]
[EventDate "2014.08.14"]
[EventType "swiss"]
[EventRounds "7"]
[EventCountry "VEN"]
[SourceTitle "EXT 2018"]
[Source "ChessBase"]
[SourceDate "2017.10.13"]
[SourceVersion "1"]
[SourceVersionDate "2017.10.13"]
[SourceQuality "1"]

1. d4 d5 2. c4 c6 3. Nc3 Nf6 4. Nf3 e6 5. Bg5 Nbd7 6. e3 Be7 7. Bd3 dxc4 8. Bxc4 Nd5 9. Bxe7 Qxe7 10. Rc1 0-0 11. 0-0 Nxc3 12. Rxc3 e5 13. dxe5 Nxe5 14. Nxe5 Qxe5 15. Bd3 Be6 16. Qb1 g6 17. e4 Rad8 18. a3 Qf4 19. Qc1 Qxc1 20. Rfxc1 Rd4 21. Kf1 Rfd8 22. Ke2 c5 23. Ke3 b6 24. f3 Kg7 25. g3 Bc8 26. Bf1 Rd1 27. Be2 Rxc1 28. Rxc1 Be6 1/2-1/2